000 00346pab a2200145 454500
008 180718b2000 xxu||||| |||| 00| 0 eng d
100 _aTewari, D.N.
245 _aManagement of water resources for survival
260 _c2000
300 _ap.4-7
362 _aJun
650 _aWater resources management
773 _aYojana
909 _a45190
999 _c45190
_d45190